000 00390pam a2200157a 44500
008 230515b1997 xxu||||| |||| 00| 0 eng d
020 _aNULL
041 _aENGLISH
082 _aCHA/PAV
100 _aPAVASKAR D. S. / CHAVAN D. K.
245 _aELEMENTS OF MECHANICAL ENGINEERING
250 _aNULL
260 _aNULL
_bTECHANICAL PUBLICATION
_c1997
300 _a0 PB
650 _aNULL
999 _c659064
_d659064